Score 0/39 Timer 07:00
1 Play Today
Gender Name % Correct
BoyWilliam
91.4%
BoyPaul
88.3%
BoyRobert
87.9%
BoyDavid
87.2%
BoyJames
87.2%
BoyGeorge
86.8%
BoyMichael
86.8%
BoyThomas
86.4%
BoyCharles
85.2%
BoyHenry
84.8%
GirlMary
84.8%
GirlOlivia
83.3%
BoyZachary
82.9%
BoyFrank
82.9%
BoyEdward
82.1%
BoySteven
81.3%
GirlElizabeth
81.3%
BoyVincent
80.2%
GirlFrances
75.1%
BoyBrian
73.5%
Gender Name % Correct
BoyKenneth
73.5%
GirlPatricia
72%
BoyAnthony
70.4%
GirlJennifer
68.5%
BoyNicholas
67.7%
GirlBarbara
66.9%
GirlCarol
66.1%
GirlHelen
64.6%
GirlSusan
64.2%
GirlTeresa
63.8%
GirlNancy
63.4%
GirlLinda
58.4%
GirlRebecca
58%
GirlDorothy
52.5%
GirlKaren
51.8%
BoyLarry
50.6%
GirlAshley
48.2%
GirlGloria
47.1%
GirlVirginia
44.7%
Remove Ads.
Support Sporcle.
Get the best of Sporcle when you Go Orange. This ad-free experience offers more features, more stats, and more fun while also helping to support Sporcle. Thank you for becoming a member.

You're not logged in!

Compare scores with friends on all Sporcle quizzes.
OR
Log In

Show Comments

Extras

Top Quizzes Today


Score Distribution

Your Account Isn't Verified!

In order to create a playlist on Sporcle, you need to verify the email address you used during registration. Go to your Sporcle Settings to finish the process.

Report this User

Report this user for behavior that violates our Community Guidelines.

Details: